[Event "AZE-ch Men 2019"]
[Site "Baku"]
[Date "2019.01.17"]
[Round "2"]
[White "Ilyasli, Ughur"]
[Black "Guliyev, Gasan"]
[Result "1/2-1/2"]
[WhiteElo "2148"]
[BlackElo "1997"]
[Annotator "TA"]
[PlyCount "81"]
[EventDate "2019.01.16"]
[EventType "swiss"]
[EventCountry "AZE"]
[SourceTitle "playchess.com"]
[Source "ChessBase"]
[SourceQuality "1"]

{[%evp 12,81,14,12,35,16,23,-14,39,24,18,7,36,31,28,0,7,-7,47,9,12,33,29,31,62,50,137,99,123,87,57,45,74,27,40,35,29,-31,-31,-48,-43,-42,-42,-42,-47,-39,-21,-45,-10,-16,-8,-34,-31,-31,-41,-34,-30,-37,-12,-21,-8,-9,4,0,0,0,0,0,0,0,0,0]} 1. e4 e6 2. d4 d5 3. Nd2 Nf6 4. e5 Nfd7 5. f4 c5 6. c3 Nc6 7. Ndf3 {LiveBook: 1613 Games} a6 {C05: French Tarrasch: 3...Nf6 4 e5 Nfd7, 5 f4 and 5 Bd3 sidelines} (7... Qb6 8. g3 Be7 9. Ne2 a5 10. a3 a4 11. f5 Na5 12. Nf4 Nb3 13. Rb1 cxd4 14. cxd4 Nb8 15. Be3 Nc6 16. fxe6 Bxe6 17. Bd3 {0-1 (31) Anton Guijarro,D (2627)-Kovalenko,I (2668) Almaty 2016}) 8. g3 b5 9. Bh3 cxd4 $146 (9... b4 $11) ({Predecessor:} 9... g6 10. Ne2 Qb6 11. O-O Bb7 12. Be3 Na5 13. b3 Rc8 14. Kh1 Nc6 15. Rc1 {1-0 (39) Kobryn,M-Krasiewicz,R (2091) Warsaw 2007}) 10. cxd4 Bb4+ 11. Kf2 Qb6 12. Kg2 Qc7 13. f5 exf5 $1 14. Bf4 Qb6 (14... Nb6 $11) 15. Bxf5 Ndxe5 16. Bxc8 Nxf3 {[#]} 17. Bd7+ $1 {[%mdl 512]} Kxd7 18. Nxf3 {Hoping for Qb3.} Rhd8 (18... Rae8 $14) 19. Qb3 Ke8 20. Rac1 {Strongly threatening Ne5.} Bd6 21. Bg5 f6 $1 {[%cal Rf6g5]} 22. Qxd5 Ne7 23. Rhe1 {[#] Black must now prevent Qg8+.} Kf8 24. Qe6 (24. Qe4 $1 $11) 24... Qb7 $15 25. Be3 Qd5 $36 {[%mdl 2048] Black has some pressure.} 26. Bf2 Qxe6 27. Rxe6 Kf7 28. Re2 Nd5 29. a3 Rab8 30. Rc6 a5 31. Ra6 Ra8 32. Rxa8 Rxa8 33. Nd2 a4 34. Ne4 Bf8 35. Rc2 {The position is equal.} Re8 36. Kf3 h6 37. Rc6 Re6 38. Rc8 Re8 39. Rc6 Re6 40. Rc8 Re8 41. Rc6 {Accuracy: White = 49%, Black = 51%.} 1/2-1/2

[Event "AZE-ch Men 2019"]
[Site "Baku"]
[Date "2019.01.17"]
[Round "2"]
[White "Isgandarov, Shahriyar"]
[Black "Abbasov, Amil"]
[Result "0-1"]
[WhiteElo "2113"]
[BlackElo "2190"]
[Annotator "NA"]
[PlyCount "118"]
[EventDate "2019.01.16"]
[EventType "swiss"]
[EventCountry "AZE"]
[SourceTitle "playchess.com"]
[Source "ChessBase"]
[SourceQuality "1"]
[TimeControl "40/5400+30:1800+30"]

1. e4 c5 2. Nf3 Nc6 3. Bb5 g6 4. c3 Bg7 5. d4 Qb6 6. a4 cxd4 7. O-O a6 8. Bxc6 dxc6 9. a5 Qc7 10. cxd4 Bg4 11. Be3 Rd8 12. Ra4 Nf6 13. h3 Bd7 14. Nc3 O-O 15. Qc1 Qc8 16. Kh2 Ne8 17. e5 Nc7 18. Bh6 Bf5 19. Re1 Nb5 20. Qf4 Qd7 21. Qh4 f6 22. Bxg7 Kxg7 23. Nxb5 axb5 24. Ra3 Be6 25. a6 bxa6 26. Rxa6 Ra8 27. Rxa8 Rxa8 28. Nd2 Ra4 29. exf6+ exf6 30. Nf3 Bd5 31. Nd2 Rb4 32. Qf4 Bf7 33. Re4 Rxb2 34. Qe3 Qd5 35. Rh4 Qg5 36. Rf4 Qd5 37. Ne4 Rb3 38. Qe2 f5 39. Ng3 Qd6 40. Qd2 Bd5 41. Rh4 Qe7 42. Qh6+ Kg8 43. Nxf5 gxf5 44. Rh5 Ra3 45. Rxf5 Ra8 46. Re5 Qc7 47. f4 Kh8 48. g4 Qf7 49. f5 b4 50. Qd6 b3 51. Re7 Qf8 52. Qe5+ Kg8 53. f6 Ra2+ 54. Kg1 Bf7 55. Rb7 Ra8 56. Qf4 Kh8 57. Qc7 Qe8 58. Rxb3 Qe1+ 59. Kg2 Bd5+ 0-1

[Event "AZE-ch Men 2019"]
[Site "Baku"]
[Date "2019.01.17"]
[Round "2"]
[White "Novruzov, Emin"]
[Black "Shahaliyev, Ismayil"]
[Result "0-1"]
[WhiteElo "1910"]
[BlackElo "2389"]
[Annotator "TA"]
[PlyCount "90"]
[EventDate "2019.01.16"]
[EventType "swiss"]
[EventCountry "AZE"]
[SourceTitle "playchess.com"]
[Source "ChessBase"]
[SourceQuality "1"]

{[%evp 9,90,-14,-16,-15,-2,-19,-15,-23,-10,-56,-56,-56,-50,-74,-58,-54,-68,-66,-64,-68,-51,-84,-72,-66,-73,-70,-69,-91,-78,-80,-73,-85,-83,-116,-100,-95,-87,-83,-66,-90,-66,-174,-155,-149,-147,-133,-116,-147,-161,-160,-147,-156,0,-142,-149,-202,-183,-170,-58,-72,-66,-429,-410,-402,-400,-436,-377,-384,-388,-393,-384,-519,-482,-1834,-1877,-1688,-1672,-29988,-29989,-29989,-29990,-29990,-29991]} 1. e4 e6 2. d3 d5 3. Nd2 Nf6 4. Ngf3 a5 {[%cal Ba7a5,Ba5a4][%mdl 32]} (4... c5 5. g3 Nc6 6. Bg2 Be7 7. O-O O-O 8. Re1 b5 9. e5 Nd7 10. Nf1 a5 11. Bf4 b4 12. h4 a4 13. N1h2 a3 14. b3 Bb7 15. Bh3 Rc8 16. Rc1 Re8 17. Ng5 Bxg5 18. hxg5 Nf8 19. Qh5 Nd4 20. Bg2 Re7 {0-1 (40) Duda,J (2707)-So,W (2810) Leon 2017}) 5. Be2 a4 6. c3 {C00: French: Unusual White 2nd moves} c5 $146 ({Predecessor:} 6... Be7 7. O-O O-O 8. Qc2 c5 9. Re1 Nc6 10. Nf1 b5 11. Ng3 b4 12. cxb4 Nxb4 {0-1 (35) Chapman,T (2263)-Lock,G (2228) Coulsdon 2008}) 7. exd5 exd5 8. O-O {The position is equal.} Be7 9. b3 axb3 10. Nxb3 O-O 11. Bg5 Nc6 12. Qd2 b6 13. Rfe1 Be6 14. Bd1 Ra3 15. Rb1 Qa8 16. Nc1 Qa5 17. Rb3 Ra8 18. Qb2 Rxb3 19. axb3 b5 20. Qd2 h6 21. Bh4 d4 22. c4 Qxd2 23. Nxd2 {White wants to play Bf3.} Ra1 {Strongly threatening ...bxc4.} 24. Bf3 Nb4 {And now ...g5 would win.} 25. Rd1 ({Better is} 25. cxb5 $15 Na2 26. b6) 25... bxc4 26. bxc4 g5 $36 {[%mdl 2048] Black has strong initiative.} 27. Bg3 Nd7 28. Be2 Nb6 29. Ndb3 Rb1 30. Nd2 Ra1 31. Ndb3 $1 {[%cal Rb3a1]} Ra3 32. f4 {[#]} (32. Bf1 $17 {is a better defense.}) 32... Na4 $1 $19 33. Bf1 Nb2 (33... Nc3 $19 34. Re1 Nc2) 34. Rd2 $15 {[#]} N2xd3 $1 {[%mdl 576] Deflection} 35. Bxd3 $4 {[%mdl 8192]} ({Only move:} 35. Rxd3 $15 Nxd3 36. Bxd3) (35. Nxd3 Rxb3) 35... Nxd3 $19 36. Nxd3 Rxb3 37. Ne5 Bf6 38. Kf2 Rc3 39. Ra2 Bxc4 40. Ra8+ Kg7 41. Nd7 (41. Nxc4 $142 Rxc4 42. Kf3) 41... Rc2+ 42. Ke1 d3 {[%cal Bd4d3,Bd3d2][%mdl 32] ( -> ...Re2+)} 43. Nxf6 Re2+ {Black mates.} 44. Kf1 d2 45. Nh5+ Kg6 {[%mdl 64] Trapped Piece. Accuracy: White = 42%, Black = 74%.} 0-1

[Event "AZE-ch Men 2019"]
[Site "Baku"]
[Date "2019.01.18"]
[Round "3"]
[White "Muradli, Mahammad"]
[Black "Davidov, Samir"]
[Result "1-0"]
[WhiteElo "2432"]
[BlackElo "2344"]
[Annotator "NA"]
[PlyCount "119"]
[EventDate "2019.01.16"]
[EventType "swiss"]
[EventCountry "AZE"]
[SourceTitle "playchess.com"]
[Source "ChessBase"]
[SourceQuality "1"]
[TimeControl "40/5400+30:1800+30"]

1. d4 {[%emt 0:10:08]} d6 {[%emt 0:10:37]} 2. Nf3 {[%emt 0:00:27]} Nf6 {[%emt 0:10:49]} 3. c4 {[%emt 0:00:07]} Nbd7 {[%emt 0:00:07]} 4. Nc3 {[%emt 0:00:08]} e5 {[%emt 0:00:09]} 5. e4 {[%emt 0:00:06]} c6 {[%emt 0:00:12]} 6. Be2 {[%emt 0:00:06]} h6 {[%emt 0:00:05] A55: Old Indian Defence with Nf3 and e4} (6... g6 7. O-O Bg7 8. Re1 O-O 9. Bf1 h6 10. Rb1 Nh7 11. dxe5 dxe5 12. b4 a5 13. b5 Qe7 14. Na4 Rd8 15. Qb3 Nhf8 16. Ba3 Qf6 17. bxc6 bxc6 18. Nb6 {0-1 (35) Wojtaszek,R (2727)-Movsesian,S (2653) Huaian 2016}) 7. Be3 {[%emt 0:04:00]} Ng4 $146 {[%emt 0:01:36]} ({Predecessor:} 7... Qc7 8. Rc1 Be7 9. O-O Nf8 10. Ne1 g5 11. f3 Ng6 12. Nc2 Nf4 13. Bxf4 gxf4 14. b4 {1-0 (27) Garceran Izquierdo,R (1698)-Lopez Garralon,M (1955) Madrid 2013}) 8. Bd2 {[%emt 0:00:19]} Qf6 {[%emt 0:08:56]} 9. d5 {[%emt 0:02:37]} Qd8 {[%emt 0:00:32]} 10. O-O {[%emt 0:05:14]} Ngf6 {[%emt 0:00:45]} 11. Ne1 {[%emt 0:03:02]} g5 {[%emt 0:01:34]} 12. Nd3 {[%emt 0:03:48]} Rg8 {[%emt 0:00:55]} 13. Be3 {[%emt 0:05:03]} h5 {[%emt 0:03:37]} 14. f3 {[%emt 0:13:03]} h4 {[%emt 0:01:09]} 15. dxc6 {[%emt 0:04:15]} bxc6 {[%emt 0:00:32]} 16. c5 {[%emt 0:00:04]} (16. b4 $142) 16... dxc5 {[%emt 0:03:00]} 17. b3 {[%emt 0:05:36]} Nh5 {[%emt 0:02:30]} 18. Qc2 {[%emt 0:06:38]} Nf4 {[%emt 0:01:54]} 19. Rfd1 {[%emt 0:00:08]} Qf6 {[%emt 0:00:51]} 20. Nf2 {[%emt 0:11:47]} Ne6 {[%emt 0:06:57]} 21. Ng4 {[%emt 0:01:38]} Qe7 {[%emt 0:06:10]} 22. Na4 {[%emt 0:00:31]} Rg6 {[%emt 0:00:25]} 23. Rxd7 {[%emt 0:06:32]} Bxd7 {[%emt 0:00:12]} 24. Nxe5 {[%emt 0:00:03]} Qf6 {[%emt 0:00:11]} 25. Qb2 {[%emt 0:05:30]} Bg7 {[%emt 0:00:13]} 26. Nc4 {[%emt 0:00:06]} Qxb2 {[%emt 0:00:12]} 27. Naxb2 {[%emt 0:01:01]} Nd4 {[%emt 0:00:06]} 28. Bd3 {[%emt 0:01:09]} h3 {[%emt 0:04:24]} 29. e5 {[%emt 0:03:25]} Bf5 {[%emt 0:01:27]} 30. Bxd4 {[%emt 0:01:13]} Bxd3 {[%emt 0:00:05]} 31. Nxd3 {[%emt 0:00:01]} cxd4 {[%emt 0:00:09]} 32. g4 {[%emt 0:01:47]} Bf8 {[%emt 0:02:37]} 33. Kf2 {[%emt 0:01:34]} O-O-O {[%emt 0:00:59]} 34. Kg3 {[%emt 0:01:06]} Re6 {[%emt 0:00:42]} 35. Rf1 {[%emt 0:02:31]} f6 {[%emt 0:00:24]} 36. f4 {[%emt 0:00:16]} fxe5 {[%emt 0:02:26]} 37. fxe5 {[%emt 0:00:19]} Be7 {[%emt 0:04:04]} 38. Rf5 {[%emt 0:00:47]} Kc7 {[%emt 0:03:46]} 39. Kf3 {[%emt 0:00:26]} Rh6 {[%emt 0:01:41]} 40. Ke4 {[%emt 0:00:00] [#]} Kd7 $1 {[%emt 0:00:00]} 41. Nd2 {[%emt 0:09:04]} c5 {[%emt 0:03:04]} 42. Rf7 {[%emt 0:05:28]} Ke6 {[%emt 0:00:58]} ({Better is} 42... Ke8 $17 43. Rf2 Rb8) 43. Rg7 {[%emt 0:01:41]} Rh4 {[%emt 0:07:26]} 44. Rg6+ {[%emt 0:00:32]} Kf7 {[%emt 0:00:33]} 45. Kf5 {[%emt 0:00:37]} Rf8 {[%emt 0:07:07]} (45... Rhh8 $11) 46. Ne4 $1 {[%emt 0:00:36]} Ke8+ {[%emt 0:00:29]} (46... a5 $16 {was necessary.}) 47. Nf6+ {[%emt 0:00:09]} Bxf6 {[%emt 0:00:32]} 48. exf6 {[%emt 0:00:05]} Rh7 {[%emt 0:00:03]} 49. Ne5 {[%emt 0:04:23]} ({Less strong is} 49. Kxg5 Kf7 $16) (49. Rxg5 Rhf7 $14) 49... Rd7 $18 {[%emt 0:03:15]} (49... d3 50. Nxd3 Rd7) 50. Nxd7 {[%emt 0:01:27]} Kxd7 {[%emt 0:00:09]} 51. Rh6 {[%emt 0:01:15]} a5 {[%emt 0:01:46]} 52. Rxh3 {[%emt 0:00:34]} a4 {[%emt 0:00:50]} 53. Rd3 {[%emt 0:01:02]} Kd6 {[%emt 0:00:15]} 54. b4 {[%emt 0:01:24]} Rb8 {[%emt 0:14:24]} 55. bxc5+ {[%emt 0:00:45]} Kxc5 {[%emt 0:00:05]} 56. Kxg5 {[%emt 0:02:00]} Kc4 {[%emt 0:00:05]} 57. Rd1 {[%emt 0:00:11]} d3 {[%emt 0:00:18]} 58. f7 {[%emt 0:00:19]} Kc3 {[%emt 0:00:27]} 59. Kf6 {[%emt 0:00:10]} Kc2 {[%emt 0:00:06]} 60. Rg1 {[%emt 0:00:29]} 1-0

[Event "AZE-ch Men 2019"]
[Site "Baku"]
[Date "2019.01.18"]
[Round "3"]
[White "Gadimbayli, Abdulla"]
[Black "Guliev, Logman"]
[Result "1/2-1/2"]
[WhiteElo "2409"]
[BlackElo "2322"]
[Annotator "TA"]
[PlyCount "63"]
[EventDate "2019.01.16"]
[EventType "swiss"]
[EventCountry "AZE"]
[SourceTitle "playchess.com"]
[Source "ChessBase"]
[SourceQuality "1"]

{[%evp 13,63,11,39,44,59,60,56,44,58,32,39,39,54,46,43,15,48,55,55,52,57,18,20,22,13,4,3,8,21,24,10,4,11,0,0,0,22,24,93,100,102,88,80,73,85,88,95,64,65,0,0,0]} 1. e4 c5 2. Nf3 d6 3. Bb5+ Bd7 4. c4 Nc6 5. d4 cxd4 6. Nxd4 Nf6 {B54: Sicilian: 2...d6 3 d4 cxd4 4 Nxd4, Unusual Lines} (6... g6 7. Nc3 Bg7 8. Be3 Nf6 9. f3 O-O 10. Bxc6 bxc6 11. O-O e5 12. Nde2 Be6 13. Qa4 d5 14. cxd5 cxd5 15. exd5 Nxd5 16. Nxd5 Qxd5 {½-½ (31) Romanov,E (2619)-Artemiev,V (2704) Sochi 2018}) 7. Nc3 a6 {LiveBook: 5 Games} 8. Nxc6 $146 ({Predecessor:} 8. Bxc6 bxc6 9. O-O g6 10. h3 Bg7 11. Be3 Qc8 12. Qd2 Rb8 13. b3 c5 14. Nde2 {1-0 (72) Megaranto,S (2529)-Dobrov,V (2511) Jurmala 2014}) 8... Bxc6 {White is slightly better.} 9. Bxc6+ bxc6 10. O-O e6 11. Qa4 Qc7 12. Bf4 Nd7 13. b4 Be7 14. c5 e5 15. cxd6 Qxd6 16. Be3 O-O 17. a3 Rfc8 18. Rfd1 {[%cal Bf1d1,Bd1d3,Bd3f3][%mdl 32]} Qe6 19. Rac1 a5 20. bxa5 Nc5 21. Bxc5 Bxc5 22. Ne2 $36 {[%mdl 2048] White is more active.} Qe7 23. Rd3 {Threatens to win with Rdc3.} Qa7 24. Rf3 Bb6 25. Rxc6 Rxc6 (25... Qxa5 $11 26. Qxa5 Bxa5 27. Rxc8+ Rxc8) 26. Qxc6 $16 Qxa5 {[%cal Ra5e1]} 27. h3 Bc5 28. Qd5 Ra7 {[#]} 29. Nc3 $1 h6 30. Kh2 Qb6 31. Qd2 ({White should try} 31. a4 $14) 31... Rxa3 $11 32. Nd5 {Accuracy: White = 56%, Black = 71%.} 1/2-1/2

[Event "AZE-ch Men 2019"]
[Site "Baku"]
[Date "2019.01.18"]
[Round "3"]
[White "Shahaliyev, Ismayil"]
[Black "Zeynalov, Farid"]
[Result "1/2-1/2"]
[WhiteElo "2389"]
[BlackElo "2344"]
[Annotator "TA"]
[PlyCount "67"]
[EventDate "2019.01.16"]
[EventType "swiss"]
[EventCountry "AZE"]
[SourceTitle "playchess.com"]
[Source "ChessBase"]
[SourceQuality "1"]

{[%evp 11,67,11,21,7,18,-66,-61,-165,-32,-22,-16,-18,-36,-56,-57,-57,-56,-48,-34,-78,-75,-85,-97,-95,-101,-106,-114,-95,-60,-71,4,0,4,0,0,-13,60,50,114,114,114,114,147,108,100,0,136,0,102,100,96,93,100,0,112,0,81,0]} 1. e4 c5 2. Nf3 d6 3. Bb5+ Nd7 4. c4 Ngf6 5. Nc3 g6 6. O-O {B51: Sicilian: Moscow Variation (3 Bb5+) without 3...Bd7} Bg7 {LiveBook: 22 Games} 7. Rb1 (7. Ba4 O-O 8. h3 Nb6 9. Bb3 e5 10. d3 Ne8 11. Bg5 f6 12. Be3 f5 13. Bg5 Bf6 {0-1 (43) Safarli,E (2664)-Giri,A (2790) Shamkir 2016 CBM 173 [Mekhitarian,K]}) 7... O-O 8. Qe2 $146 (8. Ba4 $11) ({Predecessor:} 8. Bxd7 Bxd7 9. d3 Ne8 10. Bg5 h6 11. Be3 Bg4 12. h3 Bxf3 13. Qxf3 Nc7 {½-½ (58) Garcia,E (1998)-Quarracino,C (2257) Villa Ballester 2006}) 8... Nb6 $1 $15 9. b4 (9. d3 $15) 9... Bg4 (9... a6 $19 10. bxc5 dxc5) 10. h3 Bxf3 11. Qxf3 Nfd7 {[%cal Bf6d7,Bd7e5,Be5d3][%mdl 32]} 12. Na4 Ne5 $36 {[%mdl 2048] Black has the initiative.} 13. Qb3 a6 14. Nxb6 Qxb6 15. Ba4 Qxb4 16. Qxb4 cxb4 17. Rxb4 Nd3 18. Rb3 Nc5 19. Ra3 Bd4 20. Bc2 f5 (20... b5 $17 21. d3 Rfb8) 21. exf5 $11 gxf5 22. Rg3+ Kh8 23. Ba3 Ne6 (23... b5 $11) 24. Re1 $14 Rf6 (24... Be5 $1 $14) 25. Rd3 $16 {And now Rxe6! would win.} Be5 26. c5 {[%cal Rc5d6]} Nf4 27. Rg3 Ne6 28. Rd3 {[%cal Rc5d6]} Nf4 $1 29. Rg3 Ne6 $1 30. cxd6 exd6 31. Rd3 Nf4 32. Rg3 Ne6 $1 33. Rd3 Nf4 $1 34. Rg3 {Precision: White = 40%, Black = 55%.} ({White should try} 34. Rb3 $16) 1/2-1/2

[Event "AZE-ch Men 2019"]
[Site "Baku"]
[Date "2019.01.18"]
[Round "3"]
[White "Bashirli, Nail"]
[Black "Novruzov, Emin"]
[Result "1-0"]
[WhiteElo "2324"]
[BlackElo "1910"]
[Annotator "NA"]
[PlyCount "105"]
[EventDate "2019.01.16"]
[EventType "swiss"]
[EventCountry "AZE"]
[SourceTitle "playchess.com"]
[Source "ChessBase"]
[SourceQuality "1"]
[TimeControl "40/5400+30:1800+30"]

1. e4 {[%emt 0:08:49]} e5 {[%emt 0:00:00]} 2. Nf3 {[%emt 0:00:25]} Nc6 {[%emt 0:00:00]} 3. Bb5 {[%emt 0:01:21]} f5 {[%emt 0:00:26]} 4. d3 {[%emt 0:00:40]} fxe4 {[%emt 0:00:14]} 5. dxe4 {[%emt 0:00:03]} Nf6 {[%emt 0:00:04]} 6. Nc3 {[%emt 0:00:50]} Bb4 {[%emt 0:00:11]} 7. Bg5 {[%emt 0:00:52]} Bxc3+ {[%emt 0:00:51] C63: Ruy Lopez: Schliemann/Jaenisch Defence} 8. bxc3 {[%emt 0:00:17]} d6 {[%emt 0:00:26]} 9. Nd2 {[%emt 0:04:50]} O-O {[%emt 0:00:53]} 10. O-O {[%emt 0:00:19]} Qe8 {[%emt 0:00:17]} (10... Be6 11. Bc4 Qe8 12. Qe2 Kh8 13. f3 Nh5 14. g3 Bh3 15. Rf2 Qg6 16. Be3 Nf4 17. Qd1 {½-½ (58) Byambaa,Z (2279)-Lavrov,M (2397) Moscow 2012}) 11. f3 {[%emt 0:00:30]} Qg6 $146 {[%emt 0:03:41]} ({Predecessor:} 11... a6 12. Bc4+ Kh8 13. Qe2 Nh5 14. Rab1 Qg6 15. Be3 Nd8 16. Rf2 a5 17. a4 {0-1 (29) Opasiak,D (1797)-Veltkamp,G (2123) Caleta 2018}) 12. Be3 {[%emt 0:05:02]} Nd8 {[%emt 0:01:56]} 13. Rf2 {[%emt 0:04:04]} Ne6 {[%emt 0:01:42]} 14. Bf1 {[%emt 0:06:54]} Nh5 {[%emt 0:14:27]} 15. Kh1 {[%emt 0:00:55]} Kh8 {[%emt 0:02:51]} 16. Qe1 {[%emt 0:04:40]} Rf6 {[%emt 0:05:26]} 17. g3 {[%emt 0:07:38]} Bd7 {[%emt 0:03:42]} 18. Bg2 {[%emt 0:01:36]} Raf8 {[%emt 0:02:28]} 19. Qe2 {[%emt 0:00:50]} b6 {[%emt 0:05:23]} 20. Raf1 {[%emt 0:08:53]} Ng5 {[%emt 0:28:28]} 21. f4 {[%emt 0:08:30]} Qh6 {[%emt 0:05:53]} 22. Kg1 {[%emt 0:03:06]} Nh3+ {[%emt 0:12:15]} 23. Bxh3 {[%emt 0:00:12]} Bxh3 {[%emt 0:00:04]} 24. f5 {[%emt 0:00:20]} Bxf1 {[%emt 0:02:39]} 25. Nxf1 {[%emt 0:03:55]} g5 {[%emt 0:00:19]} 26. Rg2 {[%emt 0:00:08]} Rg8 {[%emt 0:03:33]} 27. h4 {[%emt 0:02:45]} Nf4 {[%emt 0:02:02]} 28. gxf4 {[%emt 0:00:26]} gxf4 {[%emt 0:00:26]} 29. Rxg8+ {[%emt 0:01:40]} Kxg8 {[%emt 0:00:02]} 30. Bf2 {[%emt 0:00:36]} Qg7+ {[%emt 0:00:48]} 31. Kh1 {[%emt 0:00:49]} Kh8 {[%emt 0:01:03]} 32. Nh2 {[%emt 0:00:24]} Rf8 {[%emt 0:00:22]} 33. Qg4 {[%emt 0:03:22]} Qf7 {[%emt 0:00:48]} 34. Nf3 {[%emt 0:00:23]} Qxa2 {[%emt 0:00:57]} 35. Ng5 {[%emt 0:01:00]} Qg8 {[%emt 0:00:38]} 36. Qh5 {[%emt 0:00:48]} Rf6 {[%emt 0:00:53]} 37. Ne6 {[%emt 0:02:56]} Qf7 {[%emt 0:00:32]} 38. Qg5 {[%emt 0:04:42]} h6 {[%emt 0:01:22]} 39. Qg4 {[%emt 0:00:58]} (39. Qg1 $142) 39... d5 {[%emt 0:00:26]} 40. Ng5 {[%emt 0:00:00]} hxg5 {[%emt 0:00:00]} (40... Qe7 $17 41. Ne6 dxe4 42. Nxf4 exf4) 41. hxg5 {[%emt 0:11:24]} Rd6 {[%emt 0:10:11]} 42. g6 $11 {[%emt 0:02:46]} Qg7 {[%emt 0:04:10]} 43. exd5 {[%emt 0:00:31]} Rxd5 {[%emt 0:00:43]} 44. Qh5+ {[%emt 0:03:36]} Kg8 {[%emt 0:00:12]} 45. f6 {[%emt 0:00:13]} Rd1+ {[%emt 0:16:12]} 46. Kh2 {[%emt 0:00:07]} Qxf6 {[%emt 0:01:05]} 47. Qh7+ {[%emt 0:00:04]} Kf8 {[%emt 0:00:03]} 48. Bh4 {[%emt 0:00:03]} Rd2+ {[%emt 0:01:16]} 49. Kg1 {[%emt 0:00:04]} Rd1+ {[%emt 0:00:24]} 50. Kf2 {[%emt 0:00:04]} Rd2+ {[%emt 0:01:31]} 51. Ke1 {[%emt 0:00:18]} Rd1+ {[%emt 0:00:36]} 52. Kxd1 {[%emt 0:00:04]} Qd6+ {[%emt 0:00:04]} 53. Ke1 {[%emt 0:00:03]} 1-0

[Event "AZE-ch Men 2019"]
[Site "Baku"]
[Date "2019.01.18"]
[Round "3"]
[White "Babazada, Khazar"]
[Black "Guliev, Sarhan"]
[Result "1-0"]
[WhiteElo "2299"]
[BlackElo "2342"]
[Annotator "TA"]
[PlyCount "59"]
[EventDate "2019.01.16"]
[EventType "swiss"]
[EventCountry "AZE"]
[SourceTitle "playchess.com"]
[Source "ChessBase"]
[SourceQuality "1"]

{[%evp 16,59,22,25,31,30,58,60,60,46,50,43,41,46,50,52,53,53,52,24,36,7,9,14,11,0,8,12,27,-6,-5,-13,1,7,313,310,1766,651,1534,471,1030,802,29996,29997,29997,138]} 1. Nf3 d5 2. g3 c6 3. Bg2 Nf6 4. O-O Bf5 5. d3 e6 6. Nbd2 h6 7. b3 Bc5 8. Bb2 O-O 9. Ne5 {LiveBook: 4 Games. A07: Réti Opening: New York and Capablanca Systems} (9. a3 Nbd7 10. b4 Bb6 11. Nb3 Re8 12. c4 e5 13. a4 a6 14. Nh4 Bh7 15. Bh3 Nf8 16. Nf3 dxc4 17. dxc4 Qxd1 18. Rfxd1 {½-½ (30) Anurag,M (2466)-Andres Gonzalez,A (2518) San Sebastian 2017}) 9... Qe7 10. e4 dxe4 $146 ({Predecessor:} 10... Bh7 11. Qe2 Ba3 12. Bxa3 Qxa3 13. Rfb1 a5 14. Ng4 Nxg4 15. Qxg4 f5 16. exf5 exf5 {0-1 (31) Kubacak,L (2065)-Cempel,J (2247) Ostrava 2005}) 11. dxe4 {White is slightly better.} Bh7 12. Qe2 Nbd7 13. Nd3 Ba3 14. Bc3 Nc5 15. Ne5 Ncd7 16. Nxd7 Nxd7 17. Rad1 Nb6 18. Qg4 {[%csl Gc3][%cal Rg4g7] [#]} e5 19. Nf3 f5 20. exf5 Bxf5 21. Qh5 $36 {[%mdl 2048] White has some pressure.} Bxc2 22. Rde1 (22. Rd2 $5 {[%cal Rd2c2]} Be4 23. Re1 $11) 22... e4 {Hoping for ...Nd5.} 23. Nd2 {[%cal Rd2e4]} Bd3 24. Bxe4 Bxf1 $4 {[%mdl 8192]} (24... Bxe4 $11 25. Nxe4 (25. Rxe4 Qc5 $11) 25... Qf7 26. Qxf7+ Rxf7) 25. Qg6 $18 {Intending Qh7+ and mate.} Qg5 $2 (25... Rf6 26. Qh7+ (26. Bxf6 Qxf6 27. Qh7+ Kf7 $16) 26... Kf8) 26. Qh7+ Kf7 {And now ...Rh8 would win.} 27. h4 (27. Nf3 $142 Ke7 28. Nxg5 hxg5 29. Bxg7) 27... Qg4 (27... Rh8 $142) 28. h5 {Bg6+ would kill now.} ({And not} 28. Kxf1 Rh8 $15) 28... Rg8 29. Bg6+ Kf8 {[#]} 30. Bxg7+ $1 {[%mdl 512] Precision: White = 71%, Black = 49%.} 1-0

[Event "AZE-ch Men 2019"]
[Site "Baku"]
[Date "2019.01.18"]
[Round "3"]
[White "Abbasov, Amil"]
[Black "Asadli, Vugar"]
[Result "1/2-1/2"]
[WhiteElo "2190"]
[BlackElo "2471"]
[Annotator "TA"]
[PlyCount "47"]
[EventDate "2019.01.16"]
[EventType "swiss"]
[EventCountry "AZE"]
[SourceTitle "playchess.com"]
[Source "ChessBase"]
[SourceQuality "1"]

{[%evp 19,47,7,7,14,51,53,53,56,76,85,73,75,122,101,58,59,94,50,58,60,55,0,0,0,0,0,0,0,0,0]} 1. e4 c5 2. Nf3 d6 3. Bb5+ Nd7 4. O-O a6 5. Bxd7+ Bxd7 6. d4 cxd4 7. Qxd4 e5 8. Qd3 h6 9. c4 {B51: Sicilian: Moscow Variation (3 Bb5+) without 3...Bd7} b5 10. b3 (10. Nfd2 Nf6 11. Nc3 Qb8 12. a4 bxa4 13. Nxa4 Be7 14. Nc3 O-O 15. b3 Bc6 16. Ba3 a5 {0-1 (40) Bologan,V (2695)-Topalov,V (2751) Eilat 2012}) 10... Nf6 {LiveBook: 6 Games} 11. Nc3 Qb8 12. a4 bxc4 $146 ({Predecessor:} 12... b4 13. Nd5 Nxd5 14. Qxd5 Be7 {½-½ (27) Delgado Ramirez,N (2583)-Mareco,S (2561) Registro 2013}) 13. bxc4 Be7 14. Ba3 Qc7 15. Rfc1 Rb8 16. Nd5 Nxd5 17. cxd5 Qd8 18. Qxa6 Ra8 19. Qb7 {And now a5 would win.} O-O $1 20. Rc7 (20. Rc4 $14) 20... Rb8 $11 {The position is equal.} 21. Qa7 Ra8 22. Qb7 Rb8 23. Qa7 Ra8 24. Qb7 {Accuracy: White = 56%, Black = 72%.} 1/2-1/2